Music Quiz

Random Music or Song Quiz

Rolling Stone 500 - 'P' Songs ♫ Quiz Stats

 Plays Quiz not verified by Sporcle

Challenge
Share
Tweet
Embed
Score 0/27 Timer 06:00
0 Plays Today
Ranking Song % Correct
#17Purple Haze
89.1%
#144Purple Rain
85.3%
#253Paranoid
67.9%
#459Paradise City
58.5%
#429Piano Man
58.3%
#156Proud Mary
56.3%
#446Push It
56.1%
#186Please Please Me
49.2%
#71Papa's Got a Brand New Bag
47.1%
#236Paper Planes
44.5%
#388Pride
43.9%
#197Peggy Sue
43.6%
#447Pink Houses
42%
#257Paranoid Android
39.8%
Ranking Song % Correct
#176Paint It Black
37.7%
#169Papa Was a Rollin' Stone
36.9%
#377Personal Jesus
35.6%
#456Penny Lane
35.1%
#353Piece of My Heart
24.9%
#24People Get Ready
17.3%
#240Planet Rock
15%
#283Pictures of You
13.8%
#143Please, Please, Please
12.5%
#290Peace, Love, & Understanding
11.5%
#271Personality Crisis
10%
#206Positively 4th Street
9.9%
#453Pressure Drop
8.6%

You're not logged in!

Compare scores with friends on all Sporcle quizzes.
Join for Free
OR
Log In

You Might Also Like...

Show Comments

Extras

Top Quizzes Today


Score Distribution

Your Account Isn't Verified!

In order to create a playlist on Sporcle, you need to verify the email address you used during registration. Go to your Sporcle Settings to finish the process.

Report this User

Report this user for behavior that violates our Community Guidelines.

Details: